| 000 | 00961nam a22002177a 4500 | ||
|---|---|---|---|
| 003 | BD-DhCDI | ||
| 005 | 20251008075936.0 | ||
| 008 | 251008b bg ||||| |||| 00| 0 ben d | ||
| 020 |
_a9789845025256 _qHard Cover |
||
| 040 |
_aBD-DhCDI _bBD-DhCDI _cBD-DhCDI |
||
| 082 |
_223 _a891.443 _bAHN 2002 |
||
| 100 |
_aআহমেদ, হুমায়ুন _eলেখক |
||
| 245 |
_a৮০ দশকের নির্বাচিত পাঁচটি উপন্যাস / _cহুমায়ুন আহমেদ |
||
| 246 | _a80 dosoker nirbachito pasti uponnas. | ||
| 250 |
_aচতুর্থ মুদ্রণ _bফ্রেরুয়ারি ২০১৯. |
||
| 260 |
_aঢাকা; _bঅন্যপ্রকাশ, _cডিসেম্বর ২০০২. |
||
| 300 |
_a৪৩১ পৃ.: _c২২ সেমি. |
||
| 650 | _aউপন্যাস | ||
| 651 |
_aবাংলা সাহিত্য _zবাংলা _91579 |
||
| 942 |
_2ddc _cBK |
||
| 999 |
_c879 _d879 |
||